How to write first-Class letters (Registro nro. 1682)

Detalles MARC
000 -CABECERA
campo de control de longitud fija 00687aam a2200253 4500
005 - FECHA Y HORA DE ACTUALIZACIÓN
campo de control 20161020185332.0
008 - LONGITUD FIJA
campo de control de longitud fija 150713b xxu||||| |||| 00| 0 spa d
041 ## - IDIOMA
Código de idioma del texto/pista de sonido o título separado
082 ## - CLASIFICACIÓN DECIMAL DEWEY
Número de clasificación 428.3 B346h
100 ## - AUTOR PERSONAL
Nombre de persona Baugh, L. Sue
245 ## - TÍTULO PROPIAMENTE DICHO
Título How to write first-Class letters
260 ## - PIE DE IMPRENTA
Lugar de publicación, distribución, etc. Estados Unidos
260 ## - PIE DE IMPRENTA
Nombre del editor, distribuidor, etc. Publishing
260 ## - PIE DE IMPRENTA
Fecha de publicación, distribución, etc. 1994
300 ## - DESCRIPCIÓN FÍSICA
Extensión 328 páginas
500 ## - NOTA GENERAL
Nota general Disponible en idioma inglés
650 ## - Materia General
Materia general INGLES
650 ## - Materia General
Materia general ENSEÑANZA
650 ## - Materia General
Materia general CARTAS EN INGLES
650 ## - Materia General
Materia general CORRESPONDENCIA COMERCIALl
650 ## - Materia General
Materia general CARTAS SOCIALES
650 ## - Materia General
Materia general ORGANIZACION DE CARTAS
942 ## - Punto de Acceso Adicional Koha
Tipo de ítem Koha Libro
Existencias
Estado perdido Estado dañado No para préstamo Biblioteca permanente Biblioteca actual Signatura completa Código de barras En préstamo Precio efectivo a partir del Tipo de ítem
      Departamento de Biblioteca y Documentación Alfonso Chase Brenes Departamento de Biblioteca y Documentación Alfonso Chase Brenes 428.3 B346h 10787 29/04/2026 20/10/2016 Libro